000 00188 a2200097 4500
020 _a9788475564937
041 _aspa
100 _aROSA SASTRE
245 _aMI HIJO SE PORTA BIEN
942 _cBK
999 _c4910
_d4910